书目信息 |
| 题名: |
人口素质评价与生殖健康管理研究
|
|
| 作者: | 张勰, , 吴阳贵, 著 | |
| 分册: | ||
| 出版信息: | 西安 西安交通大学出版社 2018 |
|
| 页数: | 158页 | |
| 开本: | 26cm | |
| 丛书名: | ||
| 单 册: | ||
| 中图分类: | C924.2 , R169.1 | |
| 科图分类: | ||
| 主题词: | 人口素质--ren kou su zhi--研究--中国 , 生殖健康--sheng zhi jian kang--卫生管理--研究--中国 | |
| 电子资源: | ||
| ISBN: | 978-7-5693-0289-9 | |
| 000 | 01333nam0 2200301 450 | |
| 001 | 012001002517 | |
| 005 | 20130123153611.0 | |
| 010 | @a978-7-5693-0289-9@dCNY42.00 | |
| 099 | @aCAL 012018083875 | |
| 100 | @a20180531d2018 em y0chiy50 ea | |
| 101 | 0 | @achi@deng |
| 102 | @aCN@b610000 | |
| 105 | @aak a 000yy | |
| 106 | @ar | |
| 200 | 1 | @a人口素质评价与生殖健康管理研究@Aren kou su zhi ping jia yu sheng zhi jian kang guan li yan jiu@f张勰, 吴阳贵著 |
| 210 | @a西安@c西安交通大学出版社@d2018 | |
| 215 | @a158页@c图@d26cm | |
| 314 | @a张勰, 出生于1972年2月, 管理学博士, 甘肃中医药大学副教授。吴阳贵, 1968年11月出生, 出生于江西彭泽, 中国建筑西北设计研究院兰州分院院长, 高级工程师。 | |
| 320 | @a有书目 | |
| 330 | @a本文综合运用了人口素质基本理论和模糊层次分析法、态势分析法和SPSS for Windows v17.0软件聚类分析, 从一个全新的研究角度, 探讨、分析了人口素质基本涵义、中国西部人口素质的现状及其评价体系、发展战略设想、路径与策略等, 从而为中国西部人口素质评价及发展战略研究提供参考与指导。 | |
| 606 | 0 | @a人口素质@Aren kou su zhi@x研究@y中国 |
| 606 | 0 | @a生殖健康@Asheng zhi jian kang@x卫生管理@x研究@y中国 |
| 690 | @aC924.2@v5 | |
| 690 | @aR169.1@v5 | |
| 701 | 0 | @a张勰,@Azhang xie@f1972-@4著 |
| 701 | 0 | @a吴阳贵,@Awu yang gui@f1968-@4著 |
| 801 | 2 | @aCN@b江苏凤凰@c20191020 |
| 905 | @b1216057-60@dC924.2@e105@f4 | |
| 人口素质评价与生殖健康管理研究/张勰, 吴阳贵著.-西安:西安交通大学出版社,2018 |
| 158页:图;26cm |
| ISBN 978-7-5693-0289-9:CNY42.00 |
| 本文综合运用了人口素质基本理论和模糊层次分析法、态势分析法和SPSS for Windows v17.0软件聚类分析, 从一个全新的研究角度, 探讨、分析了人口素质基本涵义、中国西部人口素质的现状及其评价体系、发展战略设想、路径与策略等, 从而为中国西部人口素质评价及发展战略研究提供参考与指导。 |
| ● |
| 相关链接 |
|
|
|
|
正题名:人口素质评价与生殖健康管理研究
索取号:C924.2/105
 
预约/预借
| 序号 | 登录号 | 条形码 | 馆藏地/架位号 | 状态 | 备注 |
| 1 | 1216057 | 212160579 | 第一样本阅览室/ [索取号:C924.2/105] | 在馆 | |
| 2 | 1216058 | 212160588 | 教育系资料室/ [索取号:C924.2/105] | 在馆 | |
| 3 | 1216059 | 212160597 | 教育系资料室/ [索取号:C924.2/105] | 在馆 | |
| 4 | 1216060 | 212160604 | 第一借阅区/ [索取号:C924.2/105] | 在馆 |